00599naa#a2200169#i#4500001001600000005001700016011001400033100004100047102000700088200010700095210005200202215001000254608002700264675009600291700002100387856002100408EN\\bibl\12104220260603171120.3##a1998-6785##a20220921b2022####ek#y0engy0150####ca##aRU1#aRecreational resources of the Russian Far East and the problems of their rational useeJournal article1#aVladivostokcVladivostok State Universityd2022##a9 с.##aJournal article2local##aЗагрязнение атмосферы. Загрязнение воздуха. 504.3.054#1aNaumovgYurij A.4#avvgu.editorum.ru